Chemcal foundations the alkali industry in Britain to 1926

שמור ב:
מידע ביבליוגרפי
מחבר ראשי: Warren, Kenneth
פורמט: ספר
שפה:Undetermined
יצא לאור: London Clarendon Press 1980
נושאים:
תגים: הוספת תג
אין תגיות, היה/י הראשונ/ה לתייג את הרשומה!
Thư viện lưu trữ: Trung tâm Học liệu Trường Đại học Cần Thơ
LEADER 00544nam a2200193Ia 4500
001 CTU_84073
008 210402s9999 xx 000 0 und d
082 |a 338.4 
082 |b W286 
100 |a Warren, Kenneth 
245 0 |a Chemcal foundations the alkali industry in Britain to 1926 
245 0 |c Kenneth Warren 
260 |a London 
260 |b Clarendon Press 
260 |c 1980 
650 |a Alkali industry and trade 
650 |x Great britain 
904 |i QHieu(sửa) 
980 |a Trung tâm Học liệu Trường Đại học Cần Thơ